|
|
|
|
| LEADER |
01667nam a2200409 i 4500 |
| 001 |
EBC5572671 |
| 003 |
MiAaPQ |
| 005 |
20200520144314.0 |
| 006 |
m o d | |
| 007 |
cr cnu|||||||| |
| 008 |
181218s2018 gw o 000 0 ger d |
| 020 |
|
|
|z 9783837643404
|
| 020 |
|
|
|a 9783839443408 (e-book)
|
| 035 |
|
|
|a (MiAaPQ)EBC5572671
|
| 035 |
|
|
|a (Au-PeEL)EBL5572671
|
| 035 |
|
|
|a (OCoLC)1059280345
|
| 040 |
|
|
|a MiAaPQ
|b eng
|e rda
|e pn
|c MiAaPQ
|d MiAaPQ
|
| 050 |
|
4 |
|a JZ1314
|b .A455 2018
|
| 082 |
0 |
|
|a 327.116
|2 23
|
| 245 |
0 |
0 |
|a Allianzen :
|b Kritische Praxis an weissen Institutionen /
|c Elisa Liepsch, Julian Warner, Mattias Pees (Hg.).
|
| 264 |
|
1 |
|a Bielefeld :
|b Transcipt Verlag,
|c 2018.
|
| 300 |
|
|
|a 1 online resource (305 pages).
|
| 336 |
|
|
|a text
|b txt
|2 rdacontent
|
| 337 |
|
|
|a computer
|b c
|2 rdamedia
|
| 338 |
|
|
|a online resource
|b cr
|2 rdacarrier
|
| 490 |
1 |
|
|a Postcolonial Studies ;
|v Band 34
|
| 588 |
|
|
|a Description based on print version record.
|
| 590 |
|
|
|a Electronic reproduction. Ann Arbor, MI : ProQuest, 2018. Available via World Wide Web. Access may be limited to ProQuest affiliated libraries.
|
| 650 |
|
0 |
|a Alliances.
|
| 655 |
|
4 |
|a Electronic books.
|
| 700 |
1 |
|
|a Liepsch, Elisa,
|e editor.
|
| 700 |
1 |
|
|a Warner, Julian,
|e editor.
|
| 700 |
1 |
|
|a Pees, Mattias,
|e editor.
|
| 776 |
0 |
8 |
|i Print version:
|t Allianzen : Kritische Praxis an weissen Institutione.
|d Bielefeld : Transcipt Verlag, 2018
|h 305 pages
|k Postcolonial Studies ; Band 34.
|z 9783837643404
|
| 797 |
2 |
|
|a ProQuest (Firm)
|
| 830 |
|
0 |
|a Postcolonial studies ;
|v Band 34.
|
| 856 |
4 |
0 |
|u https://ebookcentral.proquest.com/lib/matrademy/detail.action?docID=5572671
|z Click to View
|